[Event "10th Norway Chess 2022"]
[Site "Stavanger"]
[Date "2022.06.02"]
[Round "3.2"]
[White "Giri, Anish"]
[Black "So, Wesley"]
[Result "1/2-1/2"]
[WhiteElo "2761"]
[BlackElo "2766"]
[Annotator "TA"]
[PlyCount "88"]
[EventDate "2022.05.30"]
[EventType "tourn"]
[EventCountry "NOR"]
[SourceTitle "playchess.com"]
[Source "ChessBase"]
[SourceQuality "1"]

{[%evp 9,88,16,20,12,21,0,10,0,22,0,5,-7,-5,0,0,0,1,-8,0,0,11,0,-10,-22,-17,-32,-31,-39,10,-55,8,14,16,3,17,0,0,0,0,0,0,0,0,0,0,-156,-171,-165,-145,-141,0,-364,-275,-470,-85,-85,-85,-133,-131,-133,-141,-129,-73,-78,-35,-66,-28,-39,-12,-26,-26,-331,-308,-276,-284,-260,-276,-260,0,0,0]} 1. e4 {[%emt 0:17:16]} e5 {[%emt 0:00:03]} 2. Nf3 Nc6 3. Bb5 {[%emt 0:00:02]} Nf6 4. d3 Bc5 {[%emt 0:00:03]} 5. Bxc6 dxc6 6. O-O {C65: Ruy Lopez: Berlin Defence (3...Nf6), unusual lines and 4 0-0 Bc5.} Nd7 7. Nc3 {7.c3 is a critical line.} (7. c3 O-O 8. d4 Bd6 9. Bg5 f6 10. Bh4 Qe7 11. Nbd2 Qf7 12. Bg3 Re8 13. Qc2 a5 14. b3 exd4 15. cxd4 Bxg3 16. hxg3 {0-1 (32) Giri,A (2776)-So,W (2770) chess24.com INT 2021}) 7... O-O {[%emt 0:00:11]} 8. Be3 {[%emt 0:00:01] [#]} f6 $146 {[%emt 0:00:07]} ({Predecessor:} 8... Bd6 9. d4 exd4 10. Qxd4 Qe7 11. Rad1 {½-½ (11) Maze,S (2595)-Cornette,M (2584) Menton 2018}) 9. Ne2 {[%emt 0:00:10]} a5 {[%emt 0:00:04]} 10. a4 {[%emt 0:00:01]} b6 {[%emt 0:00:04]} 11. b3 {[%emt 0:00:10]} Rf7 {[%emt 0:00:02]} 12. Ng3 {[%emt 0:00:07]} g6 {[%emt 0:00:08]} 13. Qe1 {[%emt 0:00:30]} Bf8 {[%emt 0:00:02]} 14. Nd2 {[%emt 0:00:10]} Nc5 {[%emt 0:00:01]} 15. Ne2 {[%emt 0:00:09]} Ba6 {[%emt 0:00:11]} 16. Nc4 {[%emt 0:00:14]} Ne6 {[%emt 0:00:08]} 17. f4 {[%emt 0:00:28]} exf4 {[%emt 0:00:12]} 18. Nxf4 Qd7 {[%emt 0:00:01]} (18... Nxf4 $15 19. Bxf4 Qd7) 19. Nd2 {[%emt 0:00:23]} ({White should try} 19. Nxe6 $11 Qxe6 20. Rd1) 19... Bg7 {[%emt 0:00:14]} ({Better is} 19... Nd4 $1 $15 20. Bxd4 Qxd4+ 21. Kh1 Bb4) 20. Nxe6 $11 {[%emt 0:00:12]} Qxe6 21. Nf3 c5 {[%emt 0:00:11]} 22. Qd2 {[%emt 0:00:17]} g5 {[%emt 0:00:09][%cal Bg6g5,Bg5g4][%mdl 32]} 23. Rae1 {[%emt 0:00:24][%cal Oe4e5]} Raf8 {[%emt 0:00:10]} 24. Qf2 {[%emt 0:00:20]} h6 {[%emt 0:00:06]} 25. h4 {[%emt 0:00:06]} g4 {[%emt 0:00:06]} 26. Nd2 {[%emt 0:00:26]} f5 {[%emt 0:00:03]} 27. Qg3 {[%emt 0:02:17] [#]} (27. exf5 $11 Rxf5 28. Qg3 Rxf1+ 29. Rxf1) 27... fxe4 $1 $17 {aiming for ...Be5.} 28. Rxf7 {[%emt 0:00:03]} Rxf7 29. Bf4 {[%emt 0:00:06] Against Be5} ({Wrong is} 29. Nxe4 $2 Be5 30. Nf6+ Bxf6 $19) 29... e3 {[%emt 0:00:12]} (29... Bd4+ $17 30. Kh1 Qf5 31. Rxe4 Bb7 32. Re8+ Kh7) 30. Ne4 $2 {[%emt 0:00:23][%mdl 8192]} (30. Bxe3 $11 {and White is okay.} Bb7 31. Bxc5) 30... Bb7 {[%emt 0:00:03]} 31. Kh1 $2 {[%emt 0:00:19]} (31. h5 {was the only defense.} Bxe4 32. dxe4) 31... Bxe4 $2 {[%emt 0:00:05] This bishop pair is nice.} (31... Qf5 $19 32. Bxc7 e2) 32. Rxe3 {[%emt 0:00:08][%mdl 64] Pin} Bxg2+ {[%emt 0:00:10]} 33. Kxg2 {[%emt 0:00:07]} (33. Qxg2 $142 Qf5 34. Bg3) 33... Qc6+ {[%emt 0:00:25]} 34. Kh2 {[%emt 0:00:03]} h5 $36 {[%emt 0:00:01][%mdl 2048] ...Bc3 is the strong threat. Black is on the roll.} 35. Re4 {[%emt 0:00:04]} Qf6 {[%emt 0:00:10]} (35... Bd4 $142 36. Qe1 Qd5 37. Re8+ Kh7) 36. Qe1 {[%emt 0:00:13]} Bf8 {[%emt 0:00:48]} 37. Kg1 {[%emt 0:00:14]} Bd6 {[%emt 0:00:13]} 38. Bxd6 {[%emt 0:00:21]} Qxd6 $11 {[%emt 0:00:11][%mdl 4096] Endgame KQR-KQR} 39. Re8+ {[%emt 0:00:37]} Kg7 {[%emt 0:00:14] And now ...Rf3 would win.} 40. Qe5+ $2 {[%emt 0:00:32][%mdl 8192]} (40. Re6 $11 {and White stays safe.} Qd4+ 41. Kg2) 40... Qxe5 $19 41. Rxe5 Kg6 {[%emt 0:00:03]} 42. Rg5+ {[%emt 0:00:01]} Kh6 {Strongly threatening ...Rf3.} 43. Re5 {[#]} Kg6 $2 ({Black should play} 43... Rf3 $1 $19 {Threatens to win with ...Rg3+.} 44. Re6+ Kg7) 44. Rg5+ $1 $11 {[%emt 0:00:09]} Kh6 {Weighted Error Value: White=0.43/Black=0.37} 1/2-1/2

[Event "10th Norway Chess 2022"]
[Site "Stavanger"]
[Date "2022.06.02"]
[Round "3.2"]
[White "Anand, Viswanathan"]
[Black "Wang, Hao"]
[Result "1-0"]
[WhiteElo "2751"]
[BlackElo "2744"]
[Annotator "TA"]
[PlyCount "87"]
[EventDate "2022.05.30"]
[EventType "tourn"]
[EventCountry "NOR"]
[SourceTitle "playchess.com"]
[Source "ChessBase"]
[SourceQuality "1"]

{[%evp 16,87,0,0,19,-28,141,7,23,0,22,29,26,20,61,25,21,21,14,11,22,0,0,0,0,6,33,31,20,0,43,33,130,139,123,136,135,129,110,107,102,97,112,0,203,159,200,191,198,198,232,239,245,245,237,187,187,184,187,187,187,187,912,890,857,836,5991,5185,5181,5065,1580,1466,29964,29940]} 1. e4 c5 {[%emt 0:00:02]} 2. Nf3 {[%emt 0:00:01]} Nc6 {[%emt 0:00:01]} 3. Bb5 {[%emt 0:00:10]} g6 4. O-O Bg7 5. c3 {[%emt 0:00:06]} e5 6. d4 cxd4 {[%emt 0:00:01]} 7. cxd4 {[%emt 0:00:02]} exd4 {[%emt 0:00:07]} 8. Bf4 a6 9. Bc4 {[%emt 0:00:08]} d6 {[%emt 0:00:08] B31: Sicilian: 2...Nc6 3 Bb5 g6.} 10. Nbd2 {[%emt 0:00:25] [#]} (10. Qb3 $142 Qd7 11. Nbd2) 10... h6 $146 {[%emt 0:00:48]} (10... Nf6 $11) ({Predecessor:} 10... Nf6 11. Re1 O-O 12. Bb3 h6 13. h3 Re8 14. Rc1 d5 15. exd5 Rxe1+ 16. Qxe1 Nxd5 17. Bxd5 Qxd5 {0-1 (29) Haria,R (2463)-Santos Ruiz,M (2560) New Delhi 2019}) 11. Bd5 {[%emt 0:00:08]} ({White has to play} 11. Qb3 $16 Qe7 12. Rfc1) 11... Nge7 $11 {[%emt 0:00:50] The position is equal.} 12. Nc4 {[%emt 0:00:02]} O-O {[%emt 0:00:03][%cal Oc6e5]} (12... Ne5 $5) 13. Bxd6 {[%emt 0:00:06]} Re8 {[%emt 0:00:11]} 14. Bg3 {[%emt 0:01:13]} Rf8 {[%emt 0:00:25]} 15. h3 {[%emt 0:00:35] 0x0.001761ea57e9dp-1022s more active pieces.} Nxd5 {[%emt 0:00:53]} 16. exd5 {[%emt 0:00:02]} Ne7 {[%emt 0:00:01]} (16... Qxd5 $2 17. Nb6 Qh5 18. Nxa8 $18) 17. Nxd4 {[%emt 0:01:01][%cal Bf3d4,Bd4b3,Bb3c5][%mdl 32] Black should prevent d6.} Nxd5 {[%emt 0:00:06]} 18. Nb3 {[%emt 0:00:01]} b5 {[%emt 0:00:45]} 19. Nd6 {[%emt 0:00:03]} Nb6 {[%emt 0:00:05]} 20. Nc5 {[%emt 0:00:56] Threatening Qf3. Pair of Knights!} Ra7 {[%emt 0:00:31] [#]} 21. b3 $1 {[%emt 0:00:14]} Nd7 {[%emt 0:00:11]} 22. Nce4 {[%emt 0:00:26]} Nf6 {[%emt 0:00:02]} 23. Rc1 {[%emt 0:00:11]} Nxe4 {[%emt 0:00:02]} ({Black should try} 23... Be6 $14) 24. Rxc8 $16 {[%emt 0:00:07]} Qxc8 {[%emt 0:00:22]} 25. Nxc8 {[%emt 0:00:02]} Rxc8 {[%emt 0:00:01]} 26. Qg4 {[%emt 0:00:04]} Re8 {[%emt 0:00:03]} 27. Bf4 $36 {[%emt 0:00:11][%mdl 2048] White has strong initiative.} Rae7 {[%emt 0:00:05]} 28. Be3 {[%emt 0:00:06]} Re6 29. Rd1 {[%emt 0:00:12]} ({White should play} 29. g3 $16) 29... b4 $2 {[%emt 0:00:14] White leaves nothing to chance now.} (29... h5 $1 $11 30. Qf4 Be5) 30. Rd3 {[%emt 0:00:26]} a5 {[%emt 0:00:03]} 31. Qd1 {[%emt 0:00:03]} Nc3 {[%emt 0:00:02]} 32. Qd2 {[%emt 0:00:01]} h5 {[%emt 0:00:04]} 33. Rd8 {[%emt 0:00:11]} Bf6 {[%emt 0:00:02] [#]} 34. Rxe8+ {[%emt 0:00:08]} Rxe8 {[%emt 0:00:01]} 35. Qd7 {[%emt 0:00:02]} Rd8 {[%emt 0:00:08]} 36. Qc7 {[%emt 0:00:06]} Rd5 {[%emt 0:00:07]} 37. g4 {[%emt 0:00:15]} hxg4 {[%emt 0:00:03]} 38. hxg4 {[%emt 0:00:03]} Nxa2 $2 (38... g5 39. Kg2 Kg7) 39. Qc6 $18 {[%emt 0:00:02][%csl LRd5,LRf6]} Rd1+ {[%emt 0:00:03]} 40. Kg2 Kg7 {[%emt 0:00:04] [#]} 41. Bh6+ $1 {[%emt 0:00:29][%mdl 512]} Kxh6 {[%emt 0:00:02]} 42. Qxf6 {[%emt 0:00:01]} Nc3 {[%emt 0:00:02]} 43. f4 {[%emt 0:00:06][%cal Rf6h8]} Rd2+ {[%emt 0:00:02]} 44. Kh3 {[%emt 0:00:07] Weighted Error Value: White=0.19 (very precise) /Black=0.55} 1-0

[Event "10th Norway Chess 2022"]
[Site "Stavanger"]
[Date "2022.06.06"]
[Round "6.1"]
[White "Carlsen, Magnus"]
[Black "Mamedyarov, Shakhriyar"]
[Result "1-0"]
[WhiteElo "2864"]
[BlackElo "2770"]
[Annotator "TA"]
[PlyCount "112"]
[EventDate "2022.05.30"]
[EventType "tourn"]
[EventCountry "NOR"]
[SourceTitle "playchess.com"]
[Source "ChessBase"]
[SourceQuality "1"]
[TimeControl "40/7200:0"]

{[%evp 15,112,-20,0,0,-8,-7,0,0,0,0,-4,-10,-21,-18,-10,-10,0,0,0,0,0,0,0,0,0,0,0,0,0,0,0,0,14,15,20,23,28,43,23,17,46,38,43,0,18,18,27,27,51,49,84,87,87,77,87,76,87,87,87,87,85,73,87,87,87,87,87,87,87,79,80,0,87,87,87,74,87,87,408,455,411,445,444,421,410,391,380,332,468,418,742,737,696,666,800,764,750,706,681]} 1. Nf3 {[%emt 0:00:17]} d5 {[%emt 0:00:32]} 2. g3 {[%emt 0:00:07]} g6 {[%emt 0:00:53]} 3. Bg2 {[%emt 0:00:11]} Bg7 {[%emt 0:00:04]} 4. d4 {[%emt 0:00:10]} Nf6 {[%emt 0:00:14]} 5. O-O {[%emt 0:00:10]} O-O {[%emt 0:00:22]} 6. c4 {[%emt 0:00:13]} c6 {[%emt 0:01:00]} 7. Nc3 {[%emt 0:00:08]} dxc4 {[%emt 0:04:33]} 8. e4 {[%emt 0:00:34] seems to push 8.Ne5 aside.} Bg4 {[%emt 0:00:58][%cal Oe7e5]} 9. h3 {[%emt 0:02:16] D78: Fianchetto Grünfeld: 6 0-0 c6.} Bxf3 {[%emt 0:00:19]} 10. Bxf3 {[%emt 0:00:02]} e5 {[%emt 0:01:54]} 11. dxe5 {[%emt 0:00:18] The position is equal.} Nfd7 {[%emt 0:00:07]} 12. e6 {[%emt 0:00:18]} fxe6 {[%emt 0:00:24]} 13. Be3 {[%emt 0:00:09] Prevents Nc5.} Qe7 {[%emt 0:12:29]} 14. Bg2 {[%emt 0:05:46]} Na6 {[%emt 0:22:47][%cal Bb8a6,Ba6b4,Bb4c2][%mdl 32] [#]} 15. Qe2 $146 {[%emt 0:12:12]} ({Predecessor:} 15. f4 Nb6 16. a4 Rad8 17. Qe2 Bd4 18. Bxd4 Rxd4 19. a5 Nc8 20. Rfd1 Rfd8 21. Rxd4 Rxd4 {0-1 (67) Abdala,H (2180)-Tugsavul,U (2365) ICCF email 2008}) 15... Nb4 {[%emt 0:09:30]} 16. Qxc4 {[%emt 0:04:19]} Nc2 {[%emt 0:01:01]} 17. Nd5 $1 {[%emt 0:00:03]} cxd5 {[%emt 0:06:31]} 18. Qxc2 {[%emt 0:00:02]} d4 {[%emt 0:03:14]} 19. Bd2 {[%emt 0:03:49]} Rac8 {[%emt 0:00:08]} 20. Qb3 {[%emt 0:01:20]} Nc5 {[%emt 0:01:52][%cal Bd7c5,Bc5a4,Ba4c3][%mdl 32]} 21. Qa3 {[%emt 0:03:10]} Qd7 {[%emt 0:04:36]} 22. Rac1 {[%emt 0:10:00]} b6 {[%emt 0:01:48]} 23. e5 {[%emt 0:08:16]} Bxe5 {[%emt 0:03:11]} 24. Rfe1 {[%emt 0:00:48]} Bg7 {[%emt 0:04:30]} 25. b4 {[%emt 0:00:59] Prevents a5.} Na4 {[%emt 0:04:16]} ({Much less strong is} 25... Qf7 26. f4 Nd7 27. Qxa7 $16) 26. Rxc8 {[%emt 0:00:22]} Rxc8 {[%emt 0:00:03]} 27. Qb3 {[%emt 0:00:26]} Nc3 {[%emt 0:00:36]} 28. Rxe6 {[%emt 0:07:03][%cal Re6e8] [#]} Kh8 {[%emt 0:00:10]} 29. Kh2 {[%emt 0:02:27]} Re8 {[%emt 0:02:43]} 30. Rxe8+ {[%emt 0:02:28]} Qxe8 {[%emt 0:00:01]} 31. Qc4 {[%emt 0:01:38]} h6 {[%emt 0:03:38]} 32. a3 {[%emt 0:06:00]} a5 {[%emt 0:01:47]} 33. bxa5 {[%emt 0:03:33]} bxa5 {[%emt 0:00:08]} 34. Bf1 {[%emt 0:10:45]} Qf8 {[%emt 0:02:30][%csl LRa3,LRf2]} 35. Kg2 {[%emt 0:01:59]} Ne4 {[%emt 0:03:21] [#]} 36. Be1 {[%emt 0:00:58]} Qxa3 {[%emt 0:03:25]} 37. Bd3 {[%emt 0:01:24]} Nd6 {[%emt 0:02:58]} 38. Qa6 {[%emt 0:02:18]} Nf5 {[%emt 0:04:33]} 39. h4 {[%emt 0:04:33] And now h5 would win.} h5 {[%emt 0:01:01]} 40. Bxa5 {[%emt 0:00:27]} Kh7 {[%emt 0:00:40]} 41. Qb5 {[%emt 2:00:27]} Qf8 {[%emt 1:59:56]} 42. Qd5 {[%emt 0:00:16]} Qd6 {[%emt 0:00:28]} 43. Qf3 {[%emt 0:00:16]} (43. Qxd6 $16 {Intending Qe6 and mate.} Nxd6 44. Bb4) 43... Qe5 {[%emt 0:00:34]} (43... Qa3 $11 44. Bxf5 Qxf3+ 45. Kxf3 gxf5) 44. Bd8 {[%emt 0:01:17]} Qe6 {[%emt 0:00:59]} 45. Qb7 {[%emt 0:01:23]} Nd6 {[%emt 0:01:00]} 46. Qc6 {[%emt 0:02:41] White is more active.} Qb3 $2 {[%emt 0:01:45][%mdl 8192] Black cannot hold the game after this.} (46... Bf6 $16) 47. Bxg6+ $1 $18 {[%emt 0:01:26]} Kxg6 {[%emt 0:00:00]} 48. Qxd6+ {[%emt 0:00:00][%mdl 4096] Endgame KQB-KQB} Kh7 {[%emt 0:00:00]} 49. Qd7 {[%emt 0:01:29] Against Qb7+. Bf6 is the strong threat.} Kg6 {[%emt 0:00:00] Prevents Bf6.} 50. Qc6+ {[%emt 0:03:30]} Kf7 {[%emt 0:00:00]} 51. Qc5 {[%emt 0:01:22]} Qb7+ {[%emt 0:00:14]} (51... Qd1 $142 52. Qd5+ Kg6 53. Qe6+ Kh7) 52. f3 {[%emt 0:00:00]} Ke8 {[%emt 0:00:00]} (52... Qd7 $142 53. Qxh5+ Kf8) 53. Bc7 {[%emt 0:00:38] White is clearly winning.} Qb2+ {[%emt 0:00:05]} 54. Kh3 {[%emt 0:00:00]} d3 {[%emt 0:00:00]} 55. Qxh5+ {[%emt 0:00:13]} Kd7 {[%emt 0:00:00]} 56. Qf7+ {[%emt 0:00:00]} Kc6 {[%emt 0:00:00] Weighted Error Value: White=0.03 (flawless) /Black=0.28 (precise)} 1-0

[Event "10th Norway Chess 2022"]
[Site "Stavanger"]
[Date "2022.06.06"]
[Round "6.1"]
[White "Radjabov, Teimour"]
[Black "Topalov, Veselin"]
[Result "1/2-1/2"]
[WhiteElo "2753"]
[BlackElo "2730"]
[Annotator "TA"]
[PlyCount "62"]
[EventDate "2022.05.30"]
[EventType "tourn"]
[EventCountry "NOR"]
[SourceTitle "playchess.com"]
[Source "ChessBase"]
[SourceQuality "1"]
[TimeControl "40/7200:0"]

{[%evp 15,62,17,15,14,13,25,20,18,22,17,23,14,25,18,18,12,23,18,13,0,0,0,0,0,0,0,0,0,0,0,3,0,0,0,0,0,0,0,0,0,0,0,0,0,0,0,0,0,0]} 1. d4 {[%emt 0:00:06]} Nf6 {[%emt 0:00:22]} 2. c4 {[%emt 0:00:19]} e6 {[%emt 0:00:14]} 3. Nc3 {[%emt 0:00:58]} Bb4 {[%emt 0:01:15]} 4. Qc2 {[%emt 0:00:13]} d5 {[%emt 0:03:44]} 5. a3 {[%emt 0:08:51]} Bxc3+ {[%emt 0:01:41]} 6. Qxc3 {[%emt 0:03:18]} O-O {[%emt 0:05:04]} 7. Nf3 {[%emt 0:02:14]} dxc4 {[%emt 0:02:07]} 8. Qxc4 {[%emt 0:00:12]} b6 {[%emt 0:02:02]} 9. Bg5 {[%emt 0:02:35] E36: Nimzo-Indian: Classical: 4...d5 5 a3.} Bb7 {[%emt 0:04:09]} 10. Rd1 {[%emt 0:15:26]} Nbd7 {[%emt 0:05:21]} 11. Ne5 {[%emt 0:04:05]} h6 {[%emt 0:06:27]} 12. Bh4 {[%emt 0:01:24]} c5 {[%emt 0:06:35]} 13. Nxd7 {[%emt 0:13:29]} Qxd7 {[%emt 0:00:16]} 14. Bxf6 {[%emt 0:00:46]} gxf6 {[%emt 0:00:08]} 15. dxc5 {[%emt 0:00:09]} Qc7 {[%emt 0:05:02]} 16. h4 {[%emt 0:07:43]} Rfd8 {[%emt 0:05:12] The position is equal.} 17. Rxd8+ {[%emt 0:04:20]} Rxd8 {[%emt 0:00:15]} 18. Rh3 {[%emt 0:01:30]} Rd5 $1 {[%emt 0:05:52]} (18... Qd7 $2 19. Rd3 Qe8 20. Rxd8 Qxd8 21. c6 $18) 19. Rg3+ {[%emt 0:04:19]} Kf8 {[%emt 0:00:38]} 20. Rc3 {[%emt 0:00:40]} Rxc5 {[%emt 0:02:57]} 21. Qb4 {[%emt 0:00:49] [#]} Kg7 $146 {[%emt 0:08:42]} ({Predecessor:} 21... a5 22. Rxc5 bxc5 23. Qc3 Kg7 24. e3 Qb6 25. g3 Bd5 26. Be2 Bb3 27. g4 e5 {½-½ (35) Dreev,A (2662)-Gelfand,B (2686) Douglas 2019}) 22. Rxc5 {[%emt 0:01:40]} bxc5 $11 {[%emt 0:01:59][%mdl 4096] Endgame KQB-KQB} 23. Qc3 {[%emt 0:00:19]} Qh2 {[%emt 0:11:25][%csl LRg2,LRh4]} 24. Qxc5 {[%emt 0:02:21]} Bxg2 {[%emt 0:01:00]} 25. Bxg2 {[%emt 0:00:07]} Qxg2 {[%emt 0:00:06]} 26. Qxa7 {[%emt 0:00:29] Qd4 is the strong threat. KQ-KQ} Qh1+ {[%emt 0:01:43]} 27. Kd2 {[%emt 0:01:44] [#] Strongly threatening Qd4.} Qd5+ {[%emt 0:01:19]} 28. Kc3 {[%emt 0:01:09] Threatens to win with a4.} Qc6+ {[%emt 0:02:14]} 29. Kd2 {[%emt 0:00:52] Black must now prevent Qd4.} Qd5+ {[%emt 0:00:57]} 30. Kc3 {[%emt 0:00:07] aiming for Qd4.} Qc6+ {[%emt 0:00:07]} 31. Kd2 {[%emt 0:00:04] [#] And now Qd4 would win.} Qd5+ {[%emt 0:00:07] An interesting draw.  Weighted Error Value: White=0.02 (flawless) /Black=0.00 (flawless)} 1/2-1/2

[Event "10th Norway Chess 2022"]
[Site "Stavanger"]
[Date "2022.06.06"]
[Round "6.2"]
[White "So, Wesley"]
[Black "Tari, Aryan"]
[Result "1/2-1/2"]
[WhiteElo "2766"]
[BlackElo "2654"]
[Annotator "TA"]
[PlyCount "161"]
[EventDate "2022.05.30"]
[EventType "tourn"]
[EventCountry "NOR"]
[SourceTitle "playchess.com"]
[Source "ChessBase"]
[SourceQuality "1"]

{[%evp 10,161,14,15,25,9,10,9,16,8,10,7,0,0,8,0,17,0,0,0,0,0,0,0,8,5,0,0,4,7,7,7,10,18,14,0,0,0,-7,-20,0,0,0,-11,6,0,23,0,0,0,21,21,19,29,25,14,7,0,0,0,0,0,14,-30,-16,-16,-15,-17,-5,-6,-8,-10,-11,-5,0,0,0,0,0,0,12,12,12,12,19,19,25,20,22,26,17,24,17,25,25,0,0,0,0,0,0,0,0,0,0,0,0,0,0,0,0,0,0,0,0,0,0,0,0,0,0,0,0,0,0,0,0,0,0,0,0,0,0,0,0,0,0,0,0,0,0,0,0,0,0,0,0,0,0,0,0,0,0,0]} 1. e4 {[%emt 0:00:24]} e5 {[%emt 0:00:12]} 2. Nf3 {[%emt 0:00:07]} Nc6 {[%emt 0:00:04]} 3. Bc4 {[%emt 0:00:19]} Nf6 {[%emt 0:00:07]} 4. d3 {[%emt 0:00:04]} Bc5 {[%emt 0:00:05]} 5. O-O {[%emt 0:00:07]} d6 {[%emt 0:01:01]} 6. c3 {[%emt 0:00:06]} a5 {[%emt 0:00:50] C54: Giuoco Piano: 4 c3 Nf6, main lines with 5 d4 and 5 d3.} 7. Re1 {[%emt 0:00:06]} O-O {[%emt 0:00:24]} 8. h3 {[%emt 0:00:07]} h6 {[%emt 0:00:12]} 9. Nbd2 {[%emt 0:00:05]} Be6 {[%emt 0:00:12]} 10. Bb5 {[%emt 0:00:05]} Bb6 {[%emt 0:00:05]} 11. Nc4 {[%emt 0:00:54]} Bc5 {[%emt 0:00:31]} 12. Ncd2 {[%emt 0:00:53]} Bb6 {[%emt 0:00:07] 12...Ne7 is the recent fashion.} 13. a4 {[%emt 0:00:13]} Na7 {[%emt 0:00:30]} 14. Bc4 {[%emt 0:00:05]} Nc6 {[%emt 0:00:04]} 15. Bb5 {[%emt 0:00:08]} Na7 {[%emt 0:00:11]} 16. Bc4 {[%emt 0:00:06]} Nc6 {[%emt 0:00:18]} 17. Bxe6 {[%emt 0:00:08]} fxe6 {[%emt 0:00:05]} 18. Nc4 {[%emt 0:00:06]} Ba7 {[%emt 0:05:00]} 19. Be3 {[%emt 0:14:21]} Bxe3 {[%emt 0:05:20]} 20. Rxe3 {[%emt 0:00:17]} Qd7 {[%emt 0:19:02]} 21. Qb3 {[%emt 0:04:34]} b6 {[%emt 0:15:54] [#]} 22. Rae1 $146 {[%emt 0:09:06]} ({Predecessor:} 22. d4 exd4 23. Nxd4 Rab8 24. Re2 Nxd4 25. cxd4 Rf7 26. Rd1 Rd8 27. Rd3 Qe7 28. Nd2 d5 29. exd5 Nxd5 30. g3 Qd7 31. Nf3 Nb4 32. Rc3 Nc6 33. Rd2 Qe8 34. Qc2 {½-½ (35) Elyoseph,H (2419)-Bester,B (2422) ICCF email 2018}) 22... Rf7 {[%emt 0:04:54]} 23. g3 {[%emt 0:14:34]} Raf8 {[%emt 0:02:09][%cal Of6e4]} 24. Kg2 {[%emt 0:00:33]} Qd8 {[%emt 0:11:01]} 25. Ncd2 {[%emt 0:04:39]} Qd7 {[%emt 0:03:37]} 26. R1e2 {[%emt 0:06:05]} Nh7 {[%emt 0:08:41]} 27. Qb5 {[%emt 0:13:23]} Na7 {[%emt 0:06:53]} 28. Qb3 {[%emt 0:00:25]} Nc6 {[%emt 0:00:06]} 29. Qb5 {[%emt 0:00:24]} Na7 {[%emt 0:00:05]} 30. Qxd7 {[%emt 0:00:31]} Rxd7 {[%emt 0:00:05]} 31. Nc4 {[%emt 0:00:04]} Nf6 {[%emt 0:04:00]} 32. Na3 {[%emt 0:04:15]} Rdf7 {[%emt 0:01:00]} 33. Nb5 {[%emt 0:00:22]} Nxb5 {[%emt 0:03:26]} 34. axb5 {[%emt 0:00:06]} g5 {[%emt 0:00:18]} 35. Rc2 {[%emt 0:05:56]} Kg7 {[%emt 0:01:31]} 36. b4 {[%emt 0:05:04]} axb4 {[%emt 0:00:25]} 37. cxb4 g4 {[%emt 0:01:17]} 38. Nh2 {[%emt 0:00:51]} h5 {[%emt 0:00:29]} 39. hxg4 {[%emt 0:10:06]} hxg4 {[%emt 0:00:50]} 40. Ra2 {[%emt 0:02:18]} Kg6 {[%emt 0:01:04]} 41. Re1 {[%emt 0:04:52]} Rh7 {[%emt 0:01:15]} 42. Ra7 {[%emt 0:00:53]} Rfh8 {[%emt 0:02:31]} 43. Nf1 {[%emt 0:00:10]} Rf8 {[%emt 0:01:53]} 44. Rc1 {[%emt 0:01:41]} d5 {[%emt 0:00:18]} 45. Ne3 {[%emt 0:02:43]} dxe4 {[%emt 0:02:28]} 46. dxe4 {[%emt 0:00:18]} Nxe4 {[%emt 0:04:02]} 47. Nxg4 {[%emt 0:00:02]} Kg5 {[%emt 0:00:33]} 48. f3 {[%emt 0:02:13]} Rd8 $1 {[%emt 0:01:59]} 49. Rc2 {[%emt 0:01:34]} ({But not} 49. fxe4 Kxg4 50. Rcxc7 Rd2+ 51. Kg1 Rxc7 52. Rxc7 Rb2 $15) (49. Nxe5 {leads to mate.} Rd2+ 50. Kg1 Nxg3) 49... Nd6 {[%emt 0:01:02]} 50. Rcxc7 {[%emt 0:00:33]} Rxc7 {[%emt 0:00:04]} 51. Rxc7 $11 {[%emt 0:00:01][%mdl 4096] Endgame KRN-KRN} e4 {[%emt 0:00:13] [#] ...exf3+ is the strong threat.} 52. Rg7+ {[%emt 0:00:07]} (52. Ne5 $5 {[%cal Rf3f4]}) 52... Kf5 {[%emt 0:00:02] The position is equal.} 53. f4 {[%emt 0:00:19][%csl Gf4][%cal Rg7g5]} Nf7 {[%emt 0:00:15] Inhibits Rg5+.} 54. Kh2 {[%emt 0:03:22]} Rh8+ {[%emt 0:00:21]} 55. Kg1 Rd8 {[%emt 0:00:05]} 56. Kg2 {[%emt 0:00:02]} Rc8 $1 {[%emt 0:00:41]} 57. Kg1 {[%emt 0:01:43]} Rd8 {[%emt 0:00:05]} 58. Kf2 {[%emt 0:00:04]} Rd2+ {[%emt 0:00:28]} 59. Ke3 {[%emt 0:00:05]} Rd3+ {[%emt 0:00:01]} 60. Ke2 {And now Nf2 would win.} Rb3 {[%emt 0:00:29]} 61. Rxf7+ {[%emt 0:00:12]} Kxg4 {[%emt 0:00:01] KR-KR} 62. Rg7+ Kf5 {[%emt 0:00:16]} 63. Rg5+ {[%emt 0:00:25]} Kf6 64. Kf2 Rf3+ {[%emt 0:00:44]} 65. Kg2 {[%emt 0:00:04]} Rb3 66. Kf2 {[%emt 0:00:23]} Rf3+ {[%emt 0:00:01]} 67. Kg2 {[%emt 0:00:08]} Rb3 {[%emt 0:00:01]} 68. Re5 {[%emt 0:00:07]} Rxb4 {[%emt 0:00:10]} 69. g4 {[%emt 0:00:09]} e3 {[%emt 0:00:23]} 70. g5+ {[%emt 0:00:14]} Kf7 71. Kf3 {[%emt 0:00:17]} e2 {[%emt 0:00:03]} 72. Rxe2 {[%emt 0:00:03]} Rxb5 {[%emt 0:00:02]} 73. Rh2 {[%emt 0:00:01]} Rb1 {[%emt 0:00:43]} 74. Rh7+ {[%emt 0:00:04]} Kg6 {[%emt 0:00:01] [#] ( -> ...Rb3+)} 75. Rh6+ {[%emt 0:00:11]} Kf7 {[%emt 0:00:01]} 76. Rh7+ Kg6 $1 {[%emt 0:00:01]} 77. Re7 {[%emt 0:00:25]} Re1 {[%emt 0:00:19]} 78. Rb7 {[%emt 0:00:14]} Rf1+ {[%emt 0:00:07]} 79. Kg3 {[%emt 0:00:25]} Rb1 {[%emt 0:00:27]} 80. Rb8 {[%emt 0:00:08]} e5 {[%emt 0:00:28]} 81. fxe5 {[%emt 0:00:04] A balanced but interesting game.  Weighted Error Value: White=0.04 (flawless) /Black=0.03 (flawless)} 1/2-1/2